Mappa del mondo senza 40 paesi casuali - Statistics

Statistiche generali
  • Questo quiz è stato fatto 6.087 volte
  • Il punteggio medio è 34 su 40
Risposte nella Mappa
Le risposte nella mappa del quiz sottostante sono codificate secondo una scala di colori dal rosso al verde in base alla % di persone che hanno risposto correttamente.
 
Statistiche sulle risposte
paese % Corretto
Argentina
100%
Canada
100%
Stati Uniti
100%
Austria
99%
Cina
99%
Francia
99%
Germania
99%
Messico
99%
Algeria
98%
Italia
98%
Polonia
98%
Brasile
97%
Cechia
97%
Egitto
97%
Kazakistan
97%
Libia
97%
Panama
97%
Russia
97%
Sudafrica
97%
Svizzera
97%
Arabia Saudita
96%
Bolivia
96%
Colombia
96%
Mongolia
96%
Svezia
96%
Turchia
96%
Ucraina
96%
Finlandia
95%
Iran
95%
Niger
95%
Norvegia
95%
Perù
95%
Rep Dem Congo
95%
Slovacchia
95%
Croazia
94%
Namibia
94%
Nigeria
94%
Pakistan
94%
Paraguay
94%
Botswana
93%
Ciad
93%
India
93%
Indonesia
93%
Iraq
93%
Kenya
93%
Spagna
93%
Turkmenistan
93%
Afghanistan
92%
Bielorussia
92%
Guyana
92%
Mali
92%
Regno Unito
92%
Romania
92%
Sudan
92%
Ungheria
92%
Venezuela
92%
Etiopia
91%
Mozambico
91%
Nicaragua
91%
Uruguay
91%
Australia
90%
Ecuador
90%
Marocco
90%
Mauritania
90%
Nepal
90%
Slovenia
90%
Angola
89%
Senegal
89%
Serbia
89%
Tanzania
89%
Yemen
89%
Bosnia ed Erzegovina
88%
Bulgaria
88%
Costa Rica
88%
Guinea
88%
Lituania
88%
Togo
88%
Uzbekistan
88%
Benin
87%
Burkina Faso
87%
Congo
87%
Corea del Nord
87%
Danimarca
87%
Grecia
87%
Repubblica Centrafricana
87%
Suriname
87%
Thailandia
87%
Armenia
86%
Belgio
86%
Corea del Sud
86%
Côte d'Ivoire
86%
Ghana
86%
Giappone
86%
Laos
86%
Moldavia
86%
Portogallo
86%
Sud Sudan
86%
Cile
85%
Gabon
85%
Oman
85%
Zimbabwe
85%
Birmania
84%
Camerun
84%
Lettonia
84%
Macedonia del Nord
84%
Uganda
84%
Zambia
84%
Albania
83%
Giordania
83%
Guatemala
83%
Honduras
83%
Irlanda
83%
Kirghizistan
83%
Madagascar
83%
Nuova Zelanda
83%
Bangladesh
82%
Sri Lanka
82%
Tagikistan
82%
Kosovo
81%
Sierra Leone
81%
Siria
81%
Tunisia
81%
Eritrea
80%
Georgia
80%
Malawi
80%
Maldive
80%
Malesia
80%
Filippine
79%
Haiti
79%
Malta
79%
Swaziland
79%
Comoros
78%
Estonia
78%
Guinea-Bissau
78%
Liberia
78%
Paesi Bassi
78%
Papua Nuova Guinea
78%
Cambogia
77%
Islanda
77%
Lesotho
77%
Vietnam
77%
Cuba
76%
Micronesia
76%
Repubblica Dominicana
76%
Sao Tome e Principe
76%
Azerbaijan
74%
Somalia
73%
Figi
72%
Giamaica
72%
Isole Salomone
72%
Palau
72%
Ruanda
72%
Taiwan
72%
Bahamas
71%
Belize
71%
Burundi
70%
Seychelles
70%
El Salvador
69%
Guinea Equatoriale
69%
Israele
68%
Nauru
68%
Mauritius
67%
Kiribati
66%
Vanuatu
66%
Emirati Arabi Uniti
65%
Samoa
64%
Tuvalu
64%
Isole Marshall
63%
Kuwait
62%
Tonga
60%
Cabo Verde
36%
Nessun quiz corrispondente trovato
Distribuzione punteggi
Percentuale di utenti per punteggio
Percentile per numero di risposta
I tuoi punteggi nel tempo
Non hai fatto questo quiz